Movies Quiz

Random Movies or Clickable Quiz

Actor By Action Role Quiz Stats

Quiz Updated Aug 22, 2015

Also try: Actors by Role III
Challenge
Share
Tweet
Embed
Score 0/30 Timer 10:00
4 Plays Today
% Correct
Harrison Ford
98.5%
Angelina Jolie
98.1%
Sylvester Stallone
93.8%
Arnold Schwarzenegger
91.7%
Keanu Reeves
89.9%
Bruce Willis
87.1%
Mel Gibson
84.7%
Halle Berry
77.5%
Vin Diesel
75.4%
Liam Neeson
72.5%
Eddie Murphy
70.7%
Clint Eastwood
67.4%
Bruce Lee
63.3%
Danny Glover
60.6%
Dwayne Johnson
59.2%
% Correct
Jackie Chan
59.2%
Dolph Lundgren
57.8%
Kurt Russell
55.6%
Nicolas Cage
53.1%
Jet Li
52.6%
Steve McQueen
51%
Karl Urban
37.7%
Mickey Rourke
37.5%
Jean-Claude Van Damme
35.8%
John Travolta
34.9%
Steven Seagal
33%
Jason Statham
32.4%
Chuck Norris
31.1%
Peter Weller
30.5%
Patrick Swayze
26.4%

You're not logged in!

Compare scores with friends on all Sporcle quizzes.
Join for Free
OR
Log In

You Might Also Like...

Show Comments

Extras

Top Quizzes Today


Score Distribution

Your Account Isn't Verified!

In order to create a playlist on Sporcle, you need to verify the email address you used during registration. Go to your Sporcle Settings to finish the process.

Report this User

Report this user for behavior that violates our Community Guidelines.

Details: